Australian Open 2020 WTA Bracket - Statistics

General Stats
  • This quiz has been taken 81 times
  • The average score is 72 of 127
Answer Stats
Round 1 Answer % Correct
Barty v. Tsurenko Barty
98%
Barty
95%
Barty
90%
Barty
88%
Hercog v. Peterson Hercog
85%
Linette v. Rus Rus
83%
Pera v. Rybakina Rybakina
83%
V. Williams v. Gauff Gauff
80%
Keys v. Kasatkina Keys
80%
Sasnovich v. Minnen Minnen
80%
Osaka v. Bouzkova Osaka
80%
Riske v. Y. Wang Riske
80%
Golubic v. Zhu Zhu
80%
Barty
78%
Hibino v. Peng Hibino
78%
McHale v. Martic Martic
78%
Gasparyan v. Sakkari Sakkari
78%
Goerges v. Kuzmova Goerges
75%
Siniakova v. Kvitova Kvitova
75%
Badosa v. Larsson Badosa
73%
Konta v. Jabeur Jabeur
73%
Keys
73%
Stephens v. S. Zhang Zhang
73%
Zheng v. Kalinskaya Zheng
73%
Alexandrova v. Teichmann Alexandrova
70%
Gauff
70%
Goerges
70%
Trevisan v. Kenin Kenin
70%
Kanepi v. Krejcikova Krejcikova
70%
Osaka
70%
Riske
70%
Rybakina
70%
Cirstea v. Strycova Cirstea
68%
Brengle v. Garcia Garcia
68%
Gauff
68%
Kvitova
68%
Riske
68%
Sakkari
68%
Ahn v. Wozniacki Wozniacki
68%
Bencic v. Schmiedlova Bencic
65%
Kenin
65%
Kenin
65%
Kenin
65%
Kvitova
65%
Kvitova
65%
Li v. Cabrera Li
65%
Stosur v. McNally McNally
65%
Muguruza v. Rogers Muguruza
65%
Sakkari
65%
Q. Wang v. Parmentier Wang
65%
Potapova v. S. Williams Williams
65%
Brady v. Halep Halep
63%
Kenin
63%
Juvan v. Yastremska Yastremska
63%
Alexandrova
60%
Ferro v. Van Uytvanck Ferro
60%
Jabeur
60%
Kenin
60%
Kenin
60%
Swiatek v. Babos Swiatek
60%
Vekic v. Sharapova Vekic
60%
Zhang
60%
Zidansek v. Han Zidansek
60%
Bellis v. Maria Bellis
58%
Collins v. Diatchenko Collins
58%
Sharma v. Kontaveit Kontaveit
58%
Mertens v. Kovinic Mertens
58%
Flipkens v. Muchova Muchova
58%
Samsonova v. Ostapenko Ostapenko
58%
Suarez Navarro v. Sabalenka Suarez Navarro
58%
Svitolina v. Boulter Svitolina
58%
Wozniacki
58%
Halep
55%
Jabeur
55%
Wang
55%
Kr. Pliskova v. Watson Watson
55%
Williams
55%
Bencic
53%
Cornet v. Niculescu Cornet
53%
Dart v. Doi Dart
53%
Jabeur
53%
Wang
53%
Davis v. Fernandez Davis
50%
Kontaveit
50%
Muguruza
50%
Tomljanovic v. Sevastova Tomljanovic
50%
Halep
48%
Kontaveit
48%
Muguruza
48%
Muguruza
48%
Putintseva v. Hsieh Putintseva
48%
Sorribes Tormo v. Kudermetova Sorribes Tormo
48%
Halep
45%
Halep
45%
Muguruza
45%
Swiatek
45%
Swiatek
45%
Vekic
45%
Begu v. Bertens Bertens
43%
Kontaveit
43%
Muguruza
43%
Svitolina
43%
Bellis
40%
Anisimova v. Diyas Diyas
40%
Lottner v. Giorgi Giorgi
40%
Mertens
40%
Mertens
40%
Paolini v. Blinkova Blinkova
38%
Cocciaretto v. Kerber Kerber
38%
Vondrousova v. Kuznetsova Kuznetsova
35%
Pavlyuchenkova v. Stojanovic Pavlyuchenkova
35%
Ka. Mladenovic v. Pliskova Pliskova
35%
Putintseva
35%
Bondarenko v. Rodionova Rodionova
35%
Kozlova v. Hon Hon
33%
Bertens
30%
Townsend v. Pegula Townsend
28%
Bertens
25%
Diyas
25%
Giorgi
25%
Kerber
25%
Pliskova
25%
Siegemund v. Vandeweghe Siegemund
25%
Pavlyuchenkova
23%
Pavlyuchenkova
23%
Pavlyuchenkova
23%
Kerber
20%
No matching quizzes found
Score Distribution
Percent of People with Each Score
Percentile by Number Answered
Your Score History
You have not taken this quiz